=LDR 00000nam 2200000 4500 =001 INLIS000000000038504 =005 20130612144154 =008 ***********************************Ind** =035 ##$$0010-061300000038504 =041 ##$$a Ind =082 ##$$a 641.5 =090 ##$$a 641.5, Erw a =100 ##$$a Erwin, Lilly T =245 ##$$a Aroma rasa kuliner Nusantara, Lauk daging populer daerah6cLilly T, Erwin; Editor, Yudho Asmoro =260 ##$$a 22 cm $b Jakarta6bIlus =300 ##$$a 56 hlm, Ilus, 22 cm =650 ##$$a Masakan - Resep =700 ##$$a Asmoro, Yudho =850 ##$$a NBPNMAT